000 01200nam0a2200313 4500
001 RU\NLR\BIBL_A\011690284
005 20180510142328.0
010 _a978-5-6040630-2-6
_9100
021 _aRU
_bКН-П-18-022494
_9КН-П-18-1636
035 _a(NLR Aleph) 011690284
035 _a(RuMoRGB)009583357
090 _a11333998
_c11333998
100 _a20180427d2018 e y0rusy50 ca
101 0 _arus
102 _aRU
105 _aac||z|||000gy
200 1 _aЛюбовь поэта
_eсборник стихов Светланы Бодрягиной
210 _aМосква
_c[б. и.]
_aСаратов
_cДесятая муза
_d2018
215 _a91 с.
_cил., портр.
_d21
327 1 _aСодерж.: Циклы: РИФМОГРАД - мой вдохновитель!; Стихи бронзового века поэзии РИФМОГРАДа; Любовная лирика
333 _a14+
686 2 _aШ6(2=Р)8-5
700 1 _aБодрягина
_bС. С.
_f1996-
_gСветлана Сергеевна
942 _cBOOK
980 _aNBR
980 _aNB